BUBT Library Online Catalog

A Doll's House/ (Record no. 7137)

000 -LEADER
fixed length control field 00617nam a22002177a 4500
003 - CONTROL NUMBER IDENTIFIER
control field BUBTL
008 - FIXED-LENGTH DATA ELEMENTS--GENERAL INFORMATION
fixed length control field 231113b ||||| |||| 00| 0 eng d
020 ## - INTERNATIONAL STANDARD BOOK NUMBER
International Standard Book Number 9789846431452
082 ## - DEWEY DECIMAL CLASSIFICATION NUMBER
Classification number 800.24/ Ib7h/ 2006
100 ## - MAIN ENTRY--PERSONAL NAME
9 (RLIN) 1738
Personal name Ibsen,Henrik
245 ## - TITLE STATEMENT
Title A Doll's House/
Statement of responsibility, etc. Henrik Ibsen
260 ## - PUBLICATION, DISTRIBUTION, ETC. (IMPRINT)
Place of publication, distribution, etc. Dhaka :
Name of publisher, distributor, etc. Friends Book Corner,
Date of publication, distribution, etc. 2006
300 ## - PHYSICAL DESCRIPTION
Extent 175 p. :
Dimensions 10 cm.
440 ## - SERIES STATEMENT/ADDED ENTRY--TITLE
9 (RLIN) 4221
Title Friends' Classics
505 ## - FORMATTED CONTENTS NOTE
Formatted contents note A Doll's House, Henrik Ibsen , English Literature
526 ## - STUDY PROGRAM INFORMATION NOTE
Program name English
700 ## - ADDED ENTRY--PERSONAL NAME
9 (RLIN) 1738
Personal name Ibsen,Henrik
856 ## - ELECTRONIC LOCATION AND ACCESS
Password 0
Logon 0
Link text Download
942 ## - ADDED ENTRY ELEMENTS (KOHA)
Source of classification or shelving scheme
Koha item type Books
Holdings
Withdrawn status Lost status Source of classification or shelving scheme Damaged status Not for loan Collection code Permanent location Current location Shelving location Date acquired Source of acquisition Cost, normal purchase price Inventory number Total Checkouts Full call number Barcode Date last seen Copy number Price effective from Koha item type
          Fiction Bangladesh University of Business and Technology Library Bangladesh University of Business and Technology Library English Literature Stacks 11/20/2011 Purchase 100.00 17115   800.24/ Ib7h/ 2006 BUBTL-200317115 11/13/2023 C-1 11/13/2023 Books

More Information About Library

Library Hours

  • Open: 9.00 am. to 9.00 pm.
  • Only Sunday: 9.00 am. to 6.00 pm.
  • Closed: Holiday

Contact to the University

Bangladesh University of Business and Technology Library

  • Mirpurl-2, 1216.
  • Phone:
  • Fax:
  • E-Mail: admin.library@bubt.edu.bd

Contact to the Library

Contact Person:

Md. Abdul Hakim Shah
Joint Librarian
PABX No:  113
Cell No: 01816332931
E-mail: official: admin.library@bubt.edu.bd
Personal: hakim.shah@bubt.edu.bd


BUBT Library

Copyright © 2021